000 00475nam a2200205Ia 4500
008 170918s9999 xx 000 0 und d
020 _a399244557
050 _bF583 2006
100 _aFlanagan, John
245 4 _aThe burning bridge /
245 _cby John Flanagan.
260 _aUSA :
260 _bPuffin Books,
260 _c2006
300 _a262 pages :
300 _billustrations ;
300 _c19cm.
300 _eRanger's apprentice ;
440 _a2
999 _c343371
_d343371